[Event "Final do Campeonato Brasileiro Feminino"]
[Site "Sao Paulo - SP"]
[Date "2016.02.05"]
[Round "1.1"]
[White "Alboredo, Julia"]
[Black "Ribeiro, Regina"]
[Result "1-0"]
[WhiteElo "2058"]
[BlackElo "1954"]
[PlyCount "105"]
[EventDate "2016.02.05"]

1. e4 c5 2. Nf3 Nc6 3. d4 cxd4 4. Nxd4 Qb6 5. Nb3 Nf6 6. Nc3 e6 7. Be3 Qc7 8.
f3 a6 9. Qd2 b5 10. O-O-O Bb4 11. Kb1 O-O 12. Bg5 Be7 13. h4 h6 14. Bf4 Ne5 15.
g4 Ne8 16. Qe3 d6 17. Bd3 Bd7 18. Ne2 Nc4 19. Qf2 a5 20. Nd2 a4 21. Ng3 Bf6 22.
Bxc4 bxc4 23. c3 a3 24. Qe2 axb2 25. Qxc4 Qa5 26. e5 dxe5 27. Be3 Nd6 28. Qb3
Ba4 29. Qb4 Bxd1 30. Qxa5 Rxa5 31. Rxd1 Nb5 32. Kxb2 Rfa8 33. Ra1 Be7 34. Nc4
R5a6 35. Ne4 Bxh4 36. Nc5 Rc6 37. Nxe5 Rcc8 38. a4 Nd6 39. Kc2 Bf6 40. Ncd3 Nc4
41. Bd4 Nxe5 42. Nxe5 Bxe5 43. Bxe5 f6 44. Bd4 e5 45. Bf2 Ra6 46. a5 Kf7 47.
Bb6 Ke6 48. Rd1 Rc6 49. Rd8 Rd6 50. Rg8 Kf7 51. Rc8 Ke6 52. c4 Rd7 53. c5 1-0

[Event "Final do Campeonato Brasileiro Feminino"]
[Site "Sao Paulo - SP"]
[Date "2016.02.05"]
[Round "1.2"]
[White "Nunes, Marcela Andreia Dia"]
[Black "Chang, Suzana"]
[Result "0-1"]
[WhiteElo "1551"]
[BlackElo "2093"]
[PlyCount "46"]
[EventDate "2016.02.05"]

1. d4 f5 2. c4 Nf6 3. Nc3 g6 4. e3 Bg7 5. Bd3 O-O 6. Nge2 d6 7. O-O e5 8. dxe5
dxe5 9. e4 Nbd7 10. b4 a5 11. c5 axb4 12. Qb3+ Kh8 13. Qxb4 Nb8 14. Rd1 Nc6 15.
Qb1 Nd4 16. Bb2 Ng4 17. h3 Nxf2 18. Kxf2 fxe4+ 19. Kg1 exd3 20. Qxd3 Qh4 21.
Ne4 Bf5 22. Nxd4 Bxe4 23. Qd2 exd4 0-1

[Event "Final do Campeonato Brasileiro Feminino"]
[Site "Sao Paulo - SP"]
[Date "2016.02.05"]
[Round "1.3"]
[White "Bonfim, Regina Rodrigues"]
[Black "Feliciano Ebert, Vanessa"]
[Result "1/2-1/2"]
[WhiteElo "1907"]
[BlackElo "2216"]
[PlyCount "174"]
[EventDate "2016.02.05"]

1. d4 Nf6 2. c4 e6 3. Nc3 Bb4 4. Qc2 O-O 5. Nf3 b6 6. e4 Bb7 7. Bd3 Bxc3+ 8.
bxc3 h6 9. O-O d6 10. Qe2 Nbd7 11. Re1 e5 12. Ba3 Re8 13. Qc2 Nh5 14. Rad1 Qf6
15. Bc1 Nf8 16. Qe2 Ne6 17. dxe5 dxe5 18. g3 Rad8 19. Bc2 Bc6 20. Be3 Nc5 21.
Bxc5 bxc5 22. Qe3 Qe7 23. Nh4 Nf6 24. Nf5 Qe6 25. Qe2 g6 26. Nh4 Kg7 27. f3 Rb8
28. Rb1 Red8 29. Rxb8 Rxb8 30. Rb1 Rxb1+ 31. Bxb1 Nd7 32. Ng2 h5 33. Ne3 Bb7
34. Nd5 Qd6 35. Bd3 c6 36. Ne3 Ba6 37. Bc2 Nb6 38. Kf2 Qe6 39. Bb3 Qh3 40. Kg1
Qd7 41. Kg2 Qd6 42. h4 Bc8 43. g4 Qf6 44. Qf2 Be6 45. gxh5 gxh5 46. Nf5+ Bxf5
47. exf5 Qxf5 48. Qxc5 Qg6+ 49. Kf2 Qf6 50. Ke2 Nd7 51. Qxa7 e4 52. fxe4 Ne5
53. Qf2 Qg6 54. Kf1 Ng4 55. Qd4+ Kh7 56. Ke1 c5 57. Qd5 Ne3 58. Qg5 Qxe4 59.
Qxh5+ Kg7 60. Qe2 Qxh4+ 61. Kd2 Ng4 62. Kc2 f5 63. Kb2 f4 64. Bc2 Ne3 65. Be4
Qe7 66. Bf3 Qe6 67. Bd5 Qb6+ 68. Kc1 Qg6 69. Kb2 Kf6 70. Qh2 Nxd5 71. cxd5 Ke5
72. Qd2 Qb6+ 73. Kc1 c4 74. d6 f3 75. Qg5+ Ke4 76. Qg6+ Ke3 77. Qe6+ Kd3 78.
Qd5+ Ke3 79. Qd2+ Ke4 80. d7 f2 81. d8=Q f1=Q+ 82. Qd1 Qe3+ 83. Q8d2 Qxd2+ 84.
Kxd2 Qd3+ 85. Kc1 Qxc3+ 86. Qc2+ Qxc2+ 87. Kxc2 Kd5 1/2-1/2

[Event "Final do Campeonato Brasileiro Feminino"]
[Site "Sao Paulo - SP"]
[Date "2016.02.05"]
[Round "1.4"]
[White "Viaro Baccarin, Natalia"]
[Black "Terao, Juliana Sayumi"]
[Result "0-1"]
[WhiteElo "1921"]
[BlackElo "2234"]
[PlyCount "80"]
[EventDate "2016.02.05"]

1. e4 c5 2. Nf3 e6 3. d4 cxd4 4. Nxd4 a6 5. c4 Nf6 6. Nc3 Qc7 7. a3 b6 8. Be3
Bb7 9. f3 d6 10. Rc1 Be7 11. Be2 Nbd7 12. O-O O-O 13. Qd2 Rac8 14. Rc2 Rfe8 15.
b4 Qb8 16. Nb3 Bd8 17. Kh1 h5 18. Rd1 Bc7 19. Bg1 h4 20. a4 h3 21. Bf1 Ne5 22.
a5 bxa5 23. b5 hxg2+ 24. Kxg2 axb5 25. cxb5 a4 26. Nd4 Ba5 27. Qc1 d5 28. exd5
Bxc3 29. Rxc3 Nxd5 30. Nc6 Bxc6 31. Rxc6 Nxc6 32. bxc6 Qb3 33. Rd3 Qa2+ 34. Bf2
e5 35. Kg1 Nf4 36. Rd7 Qe6 37. Bc4 Rxc6 38. Qxf4 Rxc4 39. Qd2 Qg6+ 40. Bg3 Qb1+
0-1

[Event "Final do Campeonato Brasileiro Feminino"]
[Site "Sao Paulo - SP"]
[Date "2016.02.05"]
[Round "1.5"]
[White "Chaves, Joara"]
[Black "Heinrichs, Vivian"]
[Result "0-1"]
[WhiteElo "1954"]
[BlackElo "1951"]
[PlyCount "98"]
[EventDate "2016.02.05"]

1. e4 c5 2. Nc3 e6 3. f4 d5 4. Bb5+ Bd7 5. Bxd7+ Qxd7 6. d3 dxe4 7. Nxe4 Nc6 8.
Nf3 Be7 9. Be3 Nf6 10. Nxc5 Qc7 11. Ne4 Nd5 12. Bf2 Qa5+ 13. Nfd2 Nxf4 14. O-O
O-O 15. Qf3 Ng6 16. Nc4 Qd8 17. a4 Nge5 18. Nxe5 Nxe5 19. Qh5 Nc6 20. Be3 Nd4
21. Rf2 Nxc2 22. Rxc2 Qxd3 23. Re2 Qxe4 24. Bxa7 Qc6 25. Bd4 Rxa4 26. Rxa4 Qxa4
27. Rd2 Qc6 28. Qg4 f6 29. Bc3 Bc5+ 30. Kf1 Qa6+ 31. Ke1 Qc6 32. h4 h5 33. Qxh5
Qe4+ 34. Qe2 Qxh4+ 35. Kd1 Qa4+ 36. Ke1 e5 37. Rd3 Ra8 38. Qh5 Qe4+ 39. Qe2
Ra1+ 40. Kd2 Qf4+ 41. Kc2 Ra8 42. g3 Qa4+ 43. Kd2 Bb4 44. Qh5 Bxc3+ 45. bxc3
Qe4 46. Qf3 Ra2+ 47. Kd1 Ra1+ 48. Kc2 Qa4+ 49. Kd2 Qa2+ 0-1

[Event "Final do Campeonato Brasileiro Feminino"]
[Site "Sao Paulo - SP"]
[Date "2016.02.06"]
[Round "2.1"]
[White "Ribeiro, Regina"]
[Black "Heinrichs, Vivian"]
[Result "1-0"]
[WhiteElo "1954"]
[BlackElo "1951"]
[PlyCount "43"]
[EventDate "2016.02.05"]

1. d4 d5 2. Nf3 Bf5 3. c4 e6 4. Nc3 c6 5. Qb3 Qb6 6. c5 Qc7 7. Bf4 Qc8 8. Nh4
Bg6 9. Nxg6 hxg6 10. e3 Nd7 11. Bd3 b6 12. cxb6 axb6 13. e4 Ngf6 14. exd5 exd5
15. O-O Be7 16. Rfe1 Kf8 17. Rac1 Nh5 18. Nxd5 Nxf4 19. Nxf4 Bd6 20. Bxg6 Ne5
21. dxe5 Ra7 22. exd6 1-0

[Event "Final do Campeonato Brasileiro Feminino"]
[Site "Sao Paulo - SP"]
[Date "2016.02.06"]
[Round "2.2"]
[White "Terao, Juliana Sayumi"]
[Black "Chaves, Joara"]
[Result "1-0"]
[WhiteElo "2234"]
[BlackElo "1954"]
[PlyCount "57"]
[EventDate "2016.02.05"]

1. e4 e5 2. Nf3 Nc6 3. Nc3 Nf6 4. d4 exd4 5. Nxd4 Bb4 6. Nxc6 bxc6 7. Bd3 d5 8.
exd5 cxd5 9. O-O O-O 10. h3 h6 11. Qf3 c6 12. Bf4 Bd6 13. Rfe1 Rb8 14. b3 Rb7
15. Ne2 Nh7 16. Bxh7+ Kxh7 17. Rad1 Bxf4 18. Nxf4 Qf6 19. c4 dxc4 20. Qe4+ g6
21. Qxc4 Rd7 22. Rxd7 Bxd7 23. Rd1 Bc8 24. Qd4 Qg5 25. g3 Qa5 26. Qf6 Bf5 27.
g4 Be4 28. Ne6 Rg8 29. Qxf7+ 1-0

[Event "Final do Campeonato Brasileiro Feminino"]
[Site "Sao Paulo - SP"]
[Date "2016.02.06"]
[Round "2.3"]
[White "Feliciano Ebert, Vanessa"]
[Black "Viaro Baccarin, Natalia"]
[Result "1-0"]
[WhiteElo "2216"]
[BlackElo "1921"]
[PlyCount "89"]
[EventDate "2016.02.05"]

1. e4 c5 2. Nf3 e6 3. d3 Nc6 4. g3 g6 5. Bg2 Bg7 6. c3 e5 7. O-O Nge7 8. a4 O-O
9. Na3 d5 10. exd5 Nxd5 11. Re1 Re8 12. Nc4 Bf5 13. Nh4 Be6 14. a5 Qd7 15. Nf3
Bf5 16. Ng5 Rad8 17. Ne4 Qe7 18. Qa4 Nc7 19. Bg5 f6 20. Be3 Rxd3 21. Nxc5 Rxe3
22. Nxe3 Qxc5 23. Nxf5 gxf5 24. Qb3+ Kh8 25. Qxb7 Nxa5 26. Qf3 e4 27. Qh5 Nb7
28. Qe2 Nd5 29. Qa6 e3 30. fxe3 Nxe3 31. Qxa7 Bf8 32. Qxc5 Bxc5 33. Bxb7 Nc2+
34. Kf1 Nxe1 35. Rxe1 Rb8 36. b4 Bxb4 37. cxb4 Rxb7 38. Rb1 Rb5 39. Ke2 Kg7 40.
Kd3 Kf7 41. Kc4 Re5 42. b5 Re2 43. b6 Rc2+ 44. Kd5 Rc8 45. b7 1-0

[Event "Final do Campeonato Brasileiro Feminino"]
[Site "Sao Paulo - SP"]
[Date "2016.02.06"]
[Round "2.4"]
[White "Chang, Suzana"]
[Black "Bonfim, Regina Rodrigues"]
[Result "1-0"]
[WhiteElo "2093"]
[BlackElo "1907"]
[PlyCount "101"]
[EventDate "2016.02.05"]

1. e4 c5 2. Nf3 e6 3. d4 cxd4 4. Nxd4 Nf6 5. Bd3 a6 6. O-O Nc6 7. Nxc6 dxc6 8.
Nd2 e5 9. Nc4 Qc7 10. Be3 b5 11. Nb6 Rb8 12. Nxc8 Rxc8 13. a4 Be7 14. axb5 axb5
15. Ra7 Qd6 16. Kh1 O-O 17. f4 Rfe8 18. fxe5 Qxe5 19. Bf4 Qh5 20. Qe1 Bc5 21.
Rb7 Re7 22. Rxe7 Bxe7 23. Rf3 Qg4 24. Bh6 Nh5 25. e5 gxh6 26. Bf5 Qc4 27. Bxc8
Qxc2 28. b3 Qc5 29. Bf5 Ng7 30. Bd3 Qd4 31. Qe4 Qxe4 32. Bxe4 c5 33. Bc6 b4 34.
Bd5 Ne6 35. g3 Kg7 36. Kg2 Bd8 37. Bxe6 fxe6 38. Rf4 Bc7 39. Re4 Kg6 40. g4 h5
41. h3 hxg4 42. hxg4 h5 43. gxh5+ Kxh5 44. Rc4 Bb6 45. Kf3 Kg5 46. Ke4 Kg6 47.
Rc2 Kf7 48. Rd2 Ke7 49. Rd6 Ba7 50. Ra6 Bb8 51. Rc6 1-0

[Event "Final do Campeonato Brasileiro Feminino"]
[Site "Sao Paulo - SP"]
[Date "2016.02.06"]
[Round "2.5"]
[White "Alboredo, Julia"]
[Black "Nunes, Marcela Andreia Dia"]
[Result "1-0"]
[WhiteElo "2058"]
[BlackElo "1551"]
[PlyCount "35"]
[EventDate "2016.02.05"]

1. e4 g6 2. d4 Bg7 3. Nc3 d6 4. f4 Nd7 5. Nf3 a6 6. Bd3 e5 7. dxe5 dxe5 8. O-O
exf4 9. Bxf4 Ngf6 10. e5 Nh5 11. Bg5 f6 12. exf6 Bxf6 13. Re1+ Kf7 14. Qd2 Re8
15. Bc4+ Kg7 16. Rxe8 Qxe8 17. Re1 Bxg5 18. Nxg5 1-0

[Event "Final do Campeonato Brasileiro Feminino"]
[Site "Sao Paulo - SP"]
[Date "2016.02.06"]
[Round "3.1"]
[White "Nunes, Marcela Andreia Dia"]
[Black "Ribeiro, Regina"]
[Result "0-1"]
[WhiteElo "1551"]
[BlackElo "1954"]
[PlyCount "142"]
[EventDate "2016.02.05"]

1. d4 Nf6 2. c4 e5 3. dxe5 Ng4 4. Bf4 Nc6 5. Nf3 Bb4+ 6. Nc3 Qe7 7. Qd5 f6 8.
exf6 Nxf6 9. Qd1 Ne4 10. Qc2 d6 11. e3 O-O 12. Bg3 Rxf3 13. gxf3 Bf5 14. Qc1
Nxg3 15. hxg3 Nd4 16. Be2 Nc2+ 17. Kf1 Bxc3 18. bxc3 Nxa1 19. Qxa1 Rf8 20. Qd1
Be6 21. Qd3 g6 22. Qd4 c5 23. Qh4 Qxh4 24. Rxh4 Kg7 25. Re4 Rf6 26. Rh4 g5 27.
Rh1 d5 28. Kg2 dxc4 29. Rd1 b6 30. Rd8 Rf8 31. Rd6 Kf7 32. g4 Ke7 33. Rd2 Rd8
34. Rb2 Kd6 35. Kg3 Kc7 36. f4 gxf4+ 37. Kxf4 Rg8 38. g5 Kd6 39. Bf3 Rf8+ 40.
Kg3 Rf5 41. Kg4 Rd5+ 42. Kf4 Rf5+ 43. Kg4 Ke5 44. Rd2 Rf7+ 45. Kg3 Rd7 46. Rc2
Bf5 47. e4 Be6 48. Bg2 Rd3+ 49. f3 b5 50. Kf2 b4 51. cxb4 cxb4 52. Bf1 Ra3 53.
Bxc4 Bxc4 54. Rxc4 Rxa2+ 55. Ke3 Ra3+ 56. Kf2 a5 57. Rc5+ Kd4 58. Rc7 Ra2+ 59.
Kg3 b3 60. Rxh7 Ra4 61. Rd7+ Kc3 62. g6 b2 63. Rc7+ Kd3 64. g7 b1=Q 65. Rf7
Qg1+ 66. Kf4 Rxe4+ 67. Kf5 Qc5+ 68. Kg6 Re8 69. Rd7+ Ke3 70. Kf7 Qh5+ 71. Kf6
Qe5+ 0-1

[Event "Final do Campeonato Brasileiro Feminino"]
[Site "Sao Paulo - SP"]
[Date "2016.02.06"]
[Round "3.2"]
[White "Bonfim, Regina Rodrigues"]
[Black "Alboredo, Julia"]
[Result "0-1"]
[WhiteElo "1907"]
[BlackElo "2058"]
[PlyCount "76"]
[EventDate "2016.02.05"]

1. d4 Nf6 2. c4 g6 3. Nc3 Bg7 4. e4 d6 5. f4 O-O 6. Nf3 Na6 7. Be2 e5 8. dxe5
dxe5 9. Qxd8 Rxd8 10. fxe5 Ng4 11. Bf4 Re8 12. h3 Nxe5 13. O-O-O Nc6 14. Rhe1
Bxc3 15. bxc3 Rxe4 16. Bh6 Re8 17. Nd4 Ne5 18. Bf1 Bd7 19. Bf4 f6 20. Bxe5 fxe5
21. Nf3 Ba4 22. Rd5 e4 23. Nd4 b6 24. Be2 Nc5 25. Kd2 c6 26. Rd6 e3+ 27. Kc1
Ne4 28. Re6 Rxe6 29. Nxe6 Nxc3 30. Bf3 Nxa2+ 31. Kb2 Nb4 32. Kc3 a5 33. Rxe3
Re8 34. h4 h6 35. Bg4 c5 36. Bh3 Bd7 37. Re2 a4 38. Kb2 Nc6 0-1

[Event "Final do Campeonato Brasileiro Feminino"]
[Site "Sao Paulo - SP"]
[Date "2016.02.06"]
[Round "3.3"]
[White "Viaro Baccarin, Natalia"]
[Black "Chang, Suzana"]
[Result "0-1"]
[WhiteElo "1921"]
[BlackElo "2093"]
[PlyCount "116"]
[EventDate "2016.02.05"]

1. e4 c5 2. Nf3 a6 3. c4 d6 4. d4 cxd4 5. Nxd4 Nf6 6. Nc3 e5 7. Nc2 Be7 8. Be2
O-O 9. O-O Nbd7 10. Be3 Rb8 11. f3 Ne8 12. Qd2 h6 13. Rfd1 Bg5 14. Bxg5 hxg5
15. Ne3 g6 16. Kh1 Nc5 17. b4 Ne6 18. c5 Nd4 19. Nc2 Nxe2 20. Nxe2 g4 21. cxd6
gxf3 22. gxf3 Qf6 23. Ne1 Bd7 24. Nc3 Rd8 25. a4 Be6 26. Nd5 Bxd5 27. Qxd5 Nxd6
28. b5 Nxb5 29. Qxb7 Nd4 30. Qb2 Rd6 31. Rd3 Rb6 32. Qf2 Rb3 33. Rxb3 Nxb3 34.
Rd1 Nd4 35. Rb1 Rc8 36. a5 Rc3 37. Rb6 Rc6 38. Rxc6 Qxc6 39. Nd3 Qb5 40. Nb2
Qxa5 41. f4 Qc3 42. fxe5 Nf3 43. Nc4 Nxe5 44. Nxe5 Qxe5 45. Qe2 a5 46. Qc2 Qd4
47. Kg2 a4 48. e5 a3 49. Qc8+ Kg7 50. e6 Qd5+ 51. Kg3 Qe5+ 52. Kg2 Qe2+ 53. Kg3
Qe3+ 54. Kg2 fxe6 55. Qc7+ Kh6 56. Qd8 Qe4+ 57. Kg3 Qe3+ 58. Kg2 Qg5+ 0-1

[Event "Final do Campeonato Brasileiro Feminino"]
[Site "Sao Paulo - SP"]
[Date "2016.02.06"]
[Round "3.4"]
[White "Chaves, Joara"]
[Black "Feliciano Ebert, Vanessa"]
[Result "1/2-1/2"]
[WhiteElo "1954"]
[BlackElo "2216"]
[PlyCount "116"]
[EventDate "2016.02.05"]

1. e4 c5 2. Nc3 Nc6 3. g3 g6 4. Bg2 Bg7 5. f4 d6 6. d3 Nf6 7. Nf3 O-O 8. O-O
Bg4 9. h3 Bxf3 10. Bxf3 Rb8 11. Ne2 Qc8 12. Bg2 b5 13. Be3 Rd8 14. c3 b4 15. c4
e6 16. Qc2 Ne7 17. d4 cxd4 18. Bxd4 e5 19. Bxa7 Ra8 20. Be3 exf4 21. gxf4 Rb8
22. Rad1 d5 23. e5 Nh5 24. Rd2 Qxc4 25. Nd4 Ng3 26. Qxc4 dxc4 27. Rc1 Rdc8 28.
Rdc2 c3 29. bxc3 bxc3 30. Kf2 Ngf5 31. Be4 Rc4 32. Nxf5 Nxf5 33. Bd5 Nxe3 34.
Kxe3 Ra4 35. Rxc3 Bh6 36. Bc4 Bf8 37. Bb3 Ra7 38. Rc7 Rbb7 39. Rxb7 Rxb7 40.
Rc8 Kg7 41. Ke4 Rb4+ 42. Rc4 Rb7 43. f5 gxf5+ 44. Kxf5 Be7 45. Rg4+ Kf8 46. Rc4
Kg7 47. Rc3 h6 48. a4 Ra7 49. Rg3+ Kf8 50. Rf3 Kg7 51. Ke4 Bh4 52. Kd5 Bd8 53.
Kc6 Rc7+ 54. Kd6 Ra7 55. Bc4 Bc7+ 56. Kc6 Bxe5 57. Bb5 f6 58. Kd5 Kg6 1/2-1/2

[Event "Final do Campeonato Brasileiro Feminino"]
[Site "Sao Paulo - SP"]
[Date "2016.02.06"]
[Round "3.5"]
[White "Heinrichs, Vivian"]
[Black "Terao, Juliana Sayumi"]
[Result "0-1"]
[WhiteElo "1951"]
[BlackElo "2234"]
[PlyCount "64"]
[EventDate "2016.02.05"]

1. e4 c5 2. Nf3 e6 3. d4 cxd4 4. Nxd4 a6 5. Bd3 Nf6 6. O-O Qc7 7. c4 Bd6 8. h3
Nc6 9. Nb3 Bh2+ 10. Kh1 Bf4 11. Nc3 O-O 12. Qe2 b6 13. Be3 Bxe3 14. Qxe3 Ne5
15. Rac1 Bb7 16. Rfd1 Rfd8 17. f4 Nxd3 18. Rxd3 Qxc4 19. Rd4 Qc6 20. Nd5 Nxd5
21. Rxd5 Qa4 22. Rd4 Qxa2 23. Qd3 d5 24. Rc7 Rab8 25. Qc2 h6 26. Nc5 dxe4 27.
Rxd8+ Rxd8 28. Nxb7 Qa1+ 29. Kh2 Rd3 30. Qc6 Qe1 31. Qc2 Qg3+ 32. Kg1 Re3 0-1

[Event "Final do Campeonato Brasileiro Feminino"]
[Site "Sao Paulo - SP"]
[Date "2016.02.07"]
[Round "4.1"]
[White "Ribeiro, Regina"]
[Black "Terao, Juliana Sayumi"]
[Result "0-1"]
[WhiteElo "1954"]
[BlackElo "2234"]
[PlyCount "86"]
[EventDate "2016.02.05"]

1. d4 Nf6 2. c4 g6 3. Nc3 d5 4. cxd5 Nxd5 5. Na4 Bg7 6. e4 Nb6 7. Be3 O-O 8.
Nf3 Nxa4 9. Qxa4 b6 10. Be2 Bb7 11. Qc2 Nd7 12. h4 c5 13. d5 Nf6 14. Nd2 Qd7
15. h5 Ng4 16. hxg6 fxg6 17. Nf1 Nxe3 18. Nxe3 Qd6 19. g3 Qf6 20. O-O-O Qxf2
21. Ng4 Qxg3 22. Rdg1 Qf4+ 23. Kb1 e6 24. Rh4 Qd6 25. dxe6 Qd4 26. Rd1 Bxe4 27.
Nh6+ Bxh6 28. Rxe4 Qf6 29. Bc4 Kh8 30. Qh2 Bg7 31. e7 Rfe8 32. Rf1 Qc6 33. Rh4
h5 34. Re1 Qf6 35. Rf4 Qg5 36. Rf7 Bd4 37. Ref1 Rxe7 38. Rxe7 Qxe7 39. Qg2 Re8
40. Qxg6 Qe4+ 41. Bd3 Qxg6 42. Bxg6 Re2 43. Bc2 Kg7 0-1

[Event "Final do Campeonato Brasileiro Feminino"]
[Site "Sao Paulo - SP"]
[Date "2016.02.07"]
[Round "4.2"]
[White "Feliciano Ebert, Vanessa"]
[Black "Heinrichs, Vivian"]
[Result "1-0"]
[WhiteElo "2216"]
[BlackElo "1951"]
[PlyCount "73"]
[EventDate "2016.02.05"]

1. e4 c5 2. Nf3 e6 3. d4 cxd4 4. Nxd4 a6 5. Nc3 Qc7 6. g3 b5 7. Bg2 Bb7 8. O-O
d6 9. a4 bxa4 10. Rxa4 Nd7 11. Re1 Ngf6 12. Ra1 Be7 13. Nb3 O-O 14. Na5 e5 15.
Nxb7 Qxb7 16. Na4 Rab8 17. b3 Rfc8 18. Bh3 Qc6 19. Bg5 Re8 20. Qd3 h6 21. Bxf6
Nxf6 22. Nb2 Ra8 23. Ra4 Ra7 24. Nc4 g5 25. Ne3 Bf8 26. Bf5 Rea8 27. Ra5 Be7
28. Rea1 Bd8 29. R5a4 a5 30. Rd1 Ne8 31. Nd5 Nc7 32. Rc4 Qb5 33. Nc3 Qb7 34.
Qxd6 Nb5 35. Qxh6 Nxc3 36. Rxd8+ Rxd8 37. Qxg5+ 1-0

[Event "Final do Campeonato Brasileiro Feminino"]
[Site "Sao Paulo - SP"]
[Date "2016.02.07"]
[Round "4.3"]
[White "Chang, Suzana"]
[Black "Chaves, Joara"]
[Result "1-0"]
[WhiteElo "2093"]
[BlackElo "1954"]
[PlyCount "79"]
[EventDate "2016.02.05"]

1. e4 e5 2. Nf3 Nc6 3. Bb5 a6 4. Ba4 Nf6 5. Bxc6 dxc6 6. d3 Nd7 7. Nbd2 Bc5 8.
Nc4 Qe7 9. Be3 f6 10. a4 Nf8 11. Qd2 Be6 12. Bxc5 Qxc5 13. Qa5 Qxa5+ 14. Nxa5
O-O-O 15. b4 Ng6 16. g3 Ne7 17. Nd2 h5 18. h4 Rdg8 19. Nac4 Kd8 20. Ke2 Nc8 21.
Na5 Nd6 22. c4 Nc8 23. Nxb7+ Ke7 24. Nc5 f5 25. Nxa6 f4 26. Nxc7 Bd7 27. gxf4
exf4 28. a5 Na7 29. Na6 g5 30. Nc5 Bc8 31. hxg5 h4 32. Rag1 h3 33. Nf3 Rh5 34.
Rh2 Rg7 35. Nb3 Kd6 36. e5+ Kc7 37. Nc5 Kd8 38. Nd4 Ke8 39. e6 Rh4 40. Nf5 1-0

[Event "Final do Campeonato Brasileiro Feminino"]
[Site "Sao Paulo - SP"]
[Date "2016.02.07"]
[Round "4.4"]
[White "Alboredo, Julia"]
[Black "Viaro Baccarin, Natalia"]
[Result "1/2-1/2"]
[WhiteElo "2058"]
[BlackElo "1921"]
[PlyCount "60"]
[EventDate "2016.02.05"]

1. e4 c5 2. Nf3 e6 3. d4 cxd4 4. Nxd4 Nc6 5. Nc3 a6 6. Be3 Nf6 7. Qd2 Bb4 8. f3
d5 9. a3 Qa5 10. Nb3 Bxc3 11. bxc3 Qc7 12. Bg5 O-O 13. Bxf6 gxf6 14. Bd3 Ne5
15. O-O Qb6+ 16. Kh1 Bd7 17. exd5 exd5 18. Nd4 Nxd3 19. cxd3 Rac8 20. f4 f5 21.
Rf3 Kh8 22. Rh3 Rg8 23. Nf3 Rg7 24. Qe1 Qb2 25. Rg3 Rxg3 26. hxg3 Qxc3 27. Qg1
Qg7 28. Rb1 Bc6 29. Qf2 Rg8 30. Kh2 Qh6+ 1/2-1/2

[Event "Final do Campeonato Brasileiro Feminino"]
[Site "Sao Paulo - SP"]
[Date "2016.02.07"]
[Round "4.5"]
[White "Nunes, Marcela Andreia Dia"]
[Black "Bonfim, Regina Rodrigues"]
[Result "1/2-1/2"]
[WhiteElo "1551"]
[BlackElo "1907"]
[PlyCount "144"]
[EventDate "2016.02.05"]

1. d4 Nf6 2. c4 g6 3. Nc3 Bg7 4. e4 d6 5. Be2 O-O 6. Bg5 c6 7. Qd2 Re8 8. Nf3
a5 9. O-O Na6 10. Rfd1 Nc7 11. h3 Ne6 12. Bh6 Bh8 13. Ng5 Nxg5 14. Bxg5 Qc7 15.
f4 e5 16. fxe5 dxe5 17. d5 Qd6 18. Qe3 Qb4 19. Rab1 Nd7 20. a3 Qf8 21. d6 f6
22. Bh6 Bg7 23. Bxg7 Kxg7 24. c5 a4 25. Rbc1 Qf7 26. Nb1 Nf8 27. Nd2 Be6 28.
Bc4 Red8 29. Bxe6 Nxe6 30. Nc4 Nd4 31. Rf1 Qe6 32. Rf2 Ra6 33. Rc3 Nb5 34. Rcc2
Nd4 35. Rc3 Raa8 36. Nd2 Rd7 37. b4 axb3 38. Nxb3 Nb5 39. Rd3 Rxa3 40. Rc2 Ra8
41. Qc1 Rf8 42. Qa1 Kg8 43. Nd2 Nd4 44. Rb2 Nb5 45. Qa5 Rdd8 46. Nb3 Qd7 47.
Qd2 Ra8 48. Na5 Rab8 49. Nc4 Nd4 50. Qb4 Rfd8 51. Ra3 Nb5 52. Ra1 Qe6 53. Kh2
f5 54. exf5 Qxf5 55. Re1 e4 56. Qb3 Kg7 57. Qe3 Re8 58. Rd2 Rbd8 59. Nb6 Qe5+
60. Kh1 Nc3 61. Qd4 Qxd4 62. Rxd4 Re5 63. Rc4 Nd5 64. Rcxe4 Rxe4 65. Rxe4 Nxb6
66. Re7+ Kh6 67. cxb6 Rxd6 68. Rxb7 c5 69. Rb8 Rd1+ 70. Kh2 Rb1 71. b7 c4 72.
Rc8 Rxb7 1/2-1/2

[Event "Final do Campeonato Brasileiro Feminino"]
[Site "Sao Paulo - SP"]
[Date "2016.02.07"]
[Round "5.1"]
[White "Bonfim, Regina Rodrigues"]
[Black "Ribeiro, Regina"]
[Result "1-0"]
[WhiteElo "1907"]
[BlackElo "1954"]
[PlyCount "81"]
[EventDate "2016.02.05"]

1. d4 e6 2. Nf3 Nf6 3. g3 c5 4. Bg2 Nc6 5. O-O d5 6. c3 Be7 7. Nbd2 O-O 8. Nb3
b6 9. Ne5 Bb7 10. e3 Rc8 11. f4 g6 12. Nd2 Qc7 13. Ndf3 Ne4 14. Nd2 f5 15. Ndf3
b5 16. Nxc6 Bxc6 17. dxc5 Bxc5 18. Nd4 Bd7 19. Nf3 b4 20. cxb4 Bxb4 21. Nd4 Bc5
22. Bxe4 dxe4 23. b3 Rfd8 24. Bb2 Bb5 25. Rf2 Qb6 26. Rd2 Bd3 27. Rc1 Rd5 28.
Kg2 Rcd8 29. Rxd3 exd3 30. Qxd3 Bxd4 31. Bxd4 Rxd4 32. exd4 Rxd4 33. Rc8+ Kf7
34. Qc2 Qb7+ 35. Kh3 Rd7 36. Rh8 h5 37. Qc3 e5 38. Qxe5 Re7 39. Rh7+ Ke8 40.
Rxe7+ Qxe7 41. Qxe7+ 1-0

[Event "Final do Campeonato Brasileiro Feminino"]
[Site "Sao Paulo - SP"]
[Date "2016.02.07"]
[Round "5.3"]
[White "Chaves, Joara"]
[Black "Alboredo, Julia"]
[Result "0-1"]
[WhiteElo "1954"]
[BlackElo "2058"]
[PlyCount "72"]
[EventDate "2016.02.05"]

1. e4 c5 2. Nc3 Nc6 3. g3 g6 4. Bg2 Bg7 5. f4 d6 6. Nf3 e6 7. O-O Nge7 8. d3
O-O 9. Be3 Nd4 10. Qd2 Rb8 11. Nd1 b5 12. c3 Ndc6 13. g4 f5 14. gxf5 exf5 15.
Nf2 b4 16. c4 Qb6 17. Nh1 a5 18. Ng3 a4 19. Rab1 Ba6 20. Bh3 Kh8 21. exf5 Nxf5
22. Nxf5 gxf5 23. Bf2 Ne7 24. b3 axb3 25. axb3 Bb7 26. Bg2 Ng6 27. Bg3 Rbe8 28.
Nh4 Bd4+ 29. Kh1 Re6 30. Qd1 Nxh4 31. Bxh4 Bxg2+ 32. Kxg2 Rg8+ 33. Bg3 Re3 34.
Qh5 Qb7+ 35. Kh3 Qg7 36. Rf3 Qg4+ 0-1

[Event "Final do Campeonato Brasileiro Feminino"]
[Site "Sao Paulo - SP"]
[Date "2016.02.07"]
[Round "5.4"]
[White "Heinrichs, Vivian"]
[Black "Chang, Suzana"]
[Result "0-1"]
[WhiteElo "1951"]
[BlackElo "2093"]
[PlyCount "156"]
[EventDate "2016.02.05"]

1. d4 Nf6 2. c4 g6 3. f3 Bg7 4. e4 d6 5. Nc3 c6 6. Bg5 a6 7. a4 a5 8. Qd2 Qb6
9. Nge2 Na6 10. Be3 Qc7 11. Rd1 h5 12. Nc1 Be6 13. Be2 Nb4 14. O-O d5 15. cxd5
cxd5 16. e5 Ng8 17. Bb5+ Kf8 18. Nd3 Nxd3 19. Bxd3 Nh6 20. Rc1 Qb6 21. Nb5 Kg8
22. Nc7 Rb8 23. Nxe6 Qxe6 24. Qxa5 Kh7 25. Rc7 Rhd8 26. Rfc1 Bf8 27. Qb5 Qa6
28. Qb3 b5 29. axb5 Qa5 30. Qc2 Ng8 31. e6 f5 32. g4 Kh8 33. gxf5 gxf5 34. Bf4
Bg7 35. Be5 Bxe5 36. dxe5 Qb4 37. Qe2 Qf4 38. Kh1 d4 39. Re1 Rb6 40. Rd7 Rc8
41. Bc4 Rbb8 42. b3 Rc5 43. Qd3 Rxe5 44. Rxe5 Qxe5 45. Qxd4 Qxd4 46. Rxd4 Kg7
47. Rd7 Kf8 48. Kg2 Nf6 49. Ra7 Ne8 50. Kh3 Nd6 51. Kh4 Kg7 52. Rxe7+ Kf6 53.
Rd7 Nxb5 54. Rf7+ Kg6 55. Rd7 Nc3 56. b4 Rxb4 57. e7 Rxc4+ 58. Kh3 Kf7 59.
e8=Q+ Kxe8 60. Rh7 Ne2 61. Kg2 Rc2 62. Kh3 Rc4 63. Kg2 Kf8 64. Ra7 Kg8 65. Kh3
Kh8 66. Kg2 Nf4+ 67. Kg3 Kg8 68. Kh4 Ne6+ 69. Kxh5 Rf4 70. Kg6 Rxf3 71. h4 f4
72. h5 Nf8+ 73. Kf5 Rf1 74. h6 f3 75. Rg7+ Kh8 76. Rf7 f2 77. Rxf8+ Kh7 78. Kg4
Rg1+ 0-1